Welcome to the Holygrace Academy Library

Please use search bar below to get started

FAMOUS GREEK PERSONALITIES (Record no. 6417)

MARC details
000 -LEADER
fixed length control field 00298nam a22001337a 4500
020 ## - INTERNATIONAL STANDARD BOOK NUMBER
ISBN 81-7478-499-3
082 ## - DEWEY DECIMAL CLASSIFICATION NUMBER
Classification number 920
Item number SRI/F
100 ## - MAIN ENTRY--AUTHOR NAME
Personal name SRINIVASAN,ARCHANA
245 ## - TITLE STATEMENT
Title FAMOUS GREEK PERSONALITIES
260 ## - PUBLICATION, DISTRIBUTION, ETC. (IMPRINT)
Place of publication INDIA
Name of publisher SURA BOOKS
Year of publication 2004
300 ## - PHYSICAL DESCRIPTION
Number of Pages 92
650 ## - SUBJECT ADDED ENTRY--TOPICAL TERM
Topical Term BIOGRAHY
Geographic subdivision INDIA
942 ## - ADDED ENTRY ELEMENTS (KOHA)
Koha item type Books
Holdings
Withdrawn status Lost status Collection code Home library Current library Shelving location Date acquired Source of acquisition Full call number Accession Number Koha item type
    Reference Main Library Main Library SHELF-17-L-BIOGRAPHIES & AUTOBIOGRAPHIES 18/11/2006 PURCHASE 920 SRI/F 03835 Books